000 00671nam a2200289Ia 4500
001 Z_2552
003 CHAP
008 220113s2000 xx 000 0 und d
010 _a165611
040 _cCHAP
082 _a423.6 O9
100 _a
245 _aOxford advanced learner's dictionary of current english /
_c
260 _aOxford :
_bOxford University Press,
_c2000
300 _a1539 p. + C.D.
440 _a
500 _a
503 _a224952
650 _aDiccionario
_xInglés I. t.
_9139304
650 _aInglés
_xDiccionarios
_958332
901 _a423.6 O9
902 _aA
910 _a2000
942 _c1
942 _cc1
999 _c165611
_d165611